[Event "RUS-Cup4"]
[Site "Perm"]
[Date "1997.02.11"]
[Round "4"]
[White "Beshukov, Sergei"]
[Black "Neverov, Valeriy"]
[Result "0-1"]
[WhiteElo "2435"]
[BlackElo "2530"]
[Annotator "Boensch,U"]
[PlyCount "54"]
[EventDate "1997.02.02"]
[EventType "swiss"]
[EventRounds "9"]
[EventCountry "RUS"]
[SourceTitle "CBM 058"]
[Source "ChessBase"]
[SourceDate "1997.06.01"]
[SourceVersion "1"]
[SourceVersionDate "1997.06.01"]
[SourceQuality "1"]

1. e4 c5 2. Nf3 e6 3. d4 cxd4 4. Nxd4 Nf6 5. Nc3 d6 6. Be3 Be7 7. Be2 a6 8. O-O
Qc7 9. a4 b6 10. f4 Bb7 11. Bf3 Nbd7 12. f5 (12. Kh1 O-O 13. Qe1 Rfe8 14. Qg3
Nc5 15. e5 Nfe4 16. Nxe4 Nxe4 17. Bxe4 Bxe4 18. c3 Bf8 19. Rae1 Qb7 20. Nf3
Rac8 21. exd6 Bxd6 22. Bd4 Bf8 23. Ne5 Bf5 24. b3 b5 25. axb5 axb5 26. Ra1 Ra8
27. h3 Qd5 28. b4 Red8 29. Bb6 Rxa1 30. Rxa1 Rb8 31. Bd4 Bg6 32. Ra7 Ra8 33.
Rd7 Qe4 34. Kh2 Qb1 35. Nxg6 hxg6 36. Qf3 Re8 37. Qc6 Qf5 38. Be5 g5 39. Rd4
gxf4 40. Qxb5 f6 41. Qxe8 Qxe5 42. Kg1 {1/2-1/2 Kuang Yinghui-Zhang Weida/
Beijing Lee Cup 1996}) (12. Qe1 O-O (12... g6 13. e5 dxe5 14. fxe5 Nxe5 15.
Bxb7 Qxb7 16. Bg5 Neg4 17. Rxf6 Bxf6 18. Bxf6 Nxf6 19. Qe5 Ke7 20. Rf1 Nd7 21.
Rxf7+ Kxf7 22. Qxe6+ Kf8 23. Qd6+ Kf7 24. Qe6+ Kf8 {1/2-1/2 Ligterink,
G-Ardiansyah,H/Amsterdam IBM-B 1974}) 13. Qg3 Rad8 14. Rae1 Nc5 15. e5 dxe5 16.
fxe5 Nfe4 17. Nxe4 Nxe4 18. Bxe4 Bxe4 19. c3 Bg6 20. Bg5 Rd5 21. Bxe7 Qxe7 22.
Rf4 b5 23. axb5 axb5 24. b4 Rc8 25. Re3 Rc4 26. h4 h5 27. Kh2 {1/2-1/2 Arnold,
L-Dao Thien Hai/Budapest FS08 GM 1996}) (12. Nb3 O-O 13. Qd2 Rad8 14. Rad1 Qb8
15. Qf2 Ba8 16. Qe2 Bb7 17. Bd4 Nc5 18. Nxc5 {1/2-1/2 Pommrich,R-Gauch,M/
Leipzig VfB op 1996}) 12... e5 13. Nb3 (13. Nde2 O-O (13... Rc8 14. Ng3 O-O 15.
Qe2 Nc5 16. Rad1 Rfd8 17. Bc1 Qd7 18. Nh5 Nxa4 19. Nxf6+ Bxf6 20. Nd5 Bxd5 21.
Rxd5 b5 22. Rfd1 Qc6 23. c3 b4 24. cxb4 Qb6+ 25. Be3 Qxb4 26. Qxa6 Nxb2 27. Rf1
Nc4 28. Bc1 h6 29. Rb5 Qc3 30. Qb7 Ra8 31. Bh5 Ra1 32. Bxf7+ Kh8 33. Bxc4 Rxc1
34. Rxc1 Qe3+ 35. Kf1 Qxc1+ 36. Kf2 Qxc4 37. g3 Qc2+ 38. Kf3 Qxh2 39. Qd5 Rc8
40. Qd3 h5 41. Rb1 Rc2 {0-1 Unger,M-Pflichthofer,P/BL2-S 1988}) 14. Qe1 Rfe8
15. Rd1 Nc5 16. Ng3 Bc6 17. Qf2 Rab8 18. b3 Ba8 19. Nd5 Nxd5 20. exd5 Bh4 21.
Qd2 Bxg3 22. hxg3 b5 23. axb5 axb5 24. g4 b4 25. g5 Re7 26. Qf2 f6 27. Bh5 Rb7
28. g6 h6 29. Rd2 Rb5 30. Rfd1 Rb7 31. Qh4 Nd7 32. Bf3 Qc8 33. Kf2 Qf8 34. Rh1
Re8 35. Qc4 Rbb8 36. Rh5 e4 37. Bd1 Ne5 38. Qf1 Nd7 39. Qh1 Re7 40. Rd4 Rb5 41.
Bxh6 gxh6 42. Rxh6 Qxh6 43. Qxh6 Bxd5 44. Be2 Rc5 45. Rd1 Rg7 46. Rh1 {1-0
Popova,T-Topolev/Minsk op 1993}) 13... Rc8 (13... Rd8 14. a5 b5 15. Nd5 Bxd5
16. exd5 Rc8 17. Rc1 h6 18. Qd2 e4 19. Be2 Ne5 20. Bb6 Qb7 21. Rcd1 Bd8 22. Bf2
Nc4 23. Qf4 O-O 24. Bxc4 bxc4 25. Nd4 Bxa5 26. Nc6 Bb6 27. Bxb6 Qxb6+ 28. Kh1
Rfe8 29. Qxd6 Kh7 30. Qg3 e3 31. Rfe1 Ne4 32. Qf3 Nf2+ 33. Kg1 Nxd1 34. Qxd1
e2+ 35. Qd4 Rxc6 {0-1 Erlach,O-Duesterwald,E/NRW-I 1989}) 14. Kh1 h6 15. Qe1
O-O 16. g4 $2 (16. Qg3 $142 Kh8 17. Rfd1) 16... d5 $1 {Typisch: Der
Flankenangriff wird mit einem zentralen Vorstoß beantwortet.} 17. exd5 Bb4 18.
Bd2 Bxc3 19. Bxc3 Nxd5 20. Bxd5 $2 (20. Rd1 Nxc3 21. Qxc3 e4 22. Qxc7 Rxc7 23.
Bg2 Ne5 $15) 20... Bxd5+ 21. Kg1 Nf6 22. Qg3 Ne4 23. Qxe5 Qxe5 24. Bxe5 Rxc2
25. Nd4 Ng5 26. Rf4 Nh3+ 27. Kf1 Bg2+ 0-1

[Event "Stara Zagora zt-A"]
[Site "Stara Zagora"]
[Date "1990.??.??"]
[Round "3"]
[White "Dimitrov, Vladimir"]
[Black "Georgiev, Kiril"]
[Result "0-1"]
[WhiteElo "2455"]
[BlackElo "2605"]
[Annotator "Boensch,U"]
[PlyCount "74"]
[EventDate "1990.02.??"]
[EventType "tourn"]
[EventRounds "13"]
[EventCountry "BUL"]
[EventCategory "9"]
[SourceTitle "CBM 017"]
[Source "ChessBase"]
[SourceDate "1990.08.01"]
[SourceVersion "1"]
[SourceVersionDate "1990.08.01"]
[SourceQuality "1"]

1. e4 {Bönsch} c5 2. Nf3 e6 3. d4 cxd4 4. Nxd4 a6 5. Nc3 Qc7 6. Be2 Nf6 7. O-O
d6 8. f4 Be7 9. Kh1 O-O 10. a4 b6 11. Bf3 Bb7 12. e5 dxe5 13. fxe5 Nfd7 14.
Bxb7 Qxb7 15. Bf4 Nc6 (15... Bc5 $5) 16. Qf3 Rac8 17. Rad1 Nc5 18. Nxc6 Rxc6
19. Qg4 Qc7 20. Rf3 Rd8 21. Rdf1 Rd4 $2 22. Rh3 $2 (22. Nb5 $3) 22... Qxe5 $1
23. Qf3 Rxf4 24. Qxf4 Qxf4 25. Rxf4 f5 26. g4 g6 27. gxf5 exf5 28. Rc4 a5 $1 {
x c5} 29. Rd4 Bf6 30. Rd2 Kg7 31. b3 g5 32. Ne2 Ne4 $1 33. Rd7+ Kg6 34. Rhxh7
Rxc2 35. h4 gxh4 36. Nf4+ Kg5 37. Nd5 Ng3+ {38.Kg1 Ld4 #} 0-1

[Event "Tatran Cup"]
[Site "Stary Smokovec"]
[Date "1990.??.??"]
[Round "4"]
[White "Smagin, Sergey"]
[Black "Stohl, Igor"]
[Result "1-0"]
[WhiteElo "2550"]
[BlackElo "2525"]
[Annotator "Boensch,U"]
[PlyCount "71"]
[EventDate "1990.??.??"]
[EventType "tourn"]
[EventRounds "11"]
[EventCountry "CSR"]
[EventCategory "10"]
[SourceTitle "CBM 021"]
[Source "ChessBase"]
[SourceDate "1991.04.01"]
[SourceVersion "1"]
[SourceVersionDate "1991.04.01"]
[SourceQuality "1"]

1. e4 {Boensch} c5 2. Nf3 d6 3. d4 cxd4 4. Nxd4 Nf6 5. Nc3 e6 6. Be2 a6 7. O-O
Qc7 8. a4 b6 9. f4 Bb7 10. Bf3 Be7 11. Kh1 O-O 12. g4 (12. e5 $5) 12... Nc6 13.
g5 Nxd4 14. Qxd4 Nd7 15. f5 Ne5 16. f6 gxf6 $6 (16... Bd8 17. Bg2 Qc5 $13) 17.
gxf6 Bxf6 18. Bh6 Kh8 (18... Rfd8 19. Bh5 Bh8 20. Bxf7+ $1 $18) 19. Bxf8 Rxf8
20. Rad1 Rd8 21. Bg2 Bg7 $44 22. Qf2 Rf8 23. Qh4 Ng6 24. Qh5 Be5 $1 {X f4} 25.
Rd3 f5 (25... Nf4 $2 26. Qh6 $18) 26. exf5 $2 (26. Rdf3 $10) 26... Nf4 27. Rxf4
$8 Bxf4 28. fxe6 Bxg2+ 29. Kxg2 Qg7+ 30. Rg3 $8 (30. Kh1 $2 Rg8 $19) 30... Bxg3
31. hxg3 Qd4 32. Qe2 (32. e7 $2 Qf2+ 33. Kh3 Qf1+ 34. Kh4 Rg8 $19) 32... Re8
33. e7 Kg7 (33... Qe5 34. Qxe5+ dxe5 35. Nd5 Kg7 36. Kf3 Kf7 37. Ke4 Rg8 $15)
34. Qe6 Qf6 $2 (34... Qe5 35. Qxe5+ dxe5 36. Nd5 Kf7 37. Kf3 Rg8 $17) 35. Qg4+
Kh8 36. Nd5 {Time ?} 1-0

[Event "Nettetal"]
[Site "Nettetal"]
[Date "1992.02.16"]
[Round "11"]
[White "Lanka, Zigurds"]
[Black "Schlosser, Philipp"]
[Result "0-1"]
[WhiteElo "2490"]
[BlackElo "2485"]
[Annotator "Boensch,U"]
[PlyCount "64"]
[EventDate "1992.02.06"]
[EventType "tourn"]
[EventRounds "11"]
[EventCountry "GER"]
[EventCategory "9"]
[SourceTitle "CBM 028"]
[Source "ChessBase"]
[SourceDate "1992.06.01"]
[SourceVersion "1"]
[SourceVersionDate "1992.06.01"]
[SourceQuality "1"]

1. e4 c5 2. Nf3 d6 3. d4 cxd4 4. Nxd4 Nf6 5. Nc3 a6 6. Be3 e6 7. Be2 Qc7 8. g4
$5 b5 (8... h6 9. a4 (9. f4 Nc6 10. g5 hxg5 11. fxg5 Nxd4 12. Bxd4 Nd7 13. Qd2
b5 14. a3 Bb7 15. O-O-O O-O-O $10 {Koka,O-Arakhamia,K Bern op 1991}) 9... d5
10. exd5 exd5 11. h4 Bb4 12. Kf1 Nc6 13. Kg2 Bxc3 14. bxc3 Ne4 $10 {Makarichev,
S-Beliavsky,A USSR(ch) 1978}) 9. g5 Nfd7 10. a3 Bb7 {N} (10... Nb6 11. f4 N8d7
12. f5 Ne5 13. fxe6 fxe6 14. O-O Nbc4 15. Bc1 Be7 $10 {Gipslis,A-Peshina,G
USSR 1985}) 11. h4 (11. f4 $5) 11... Nb6 12. h5 N8d7 13. Rg1 Nc4 14. Bxc4 Qxc4
15. Qd2 b4 16. axb4 Qxb4 17. f4 Nc5 $17 (17... Qxb2 $2 18. Rb1 $18) 18. Rg4 Rc8
19. Rb1 Na4 {xe4} 20. Nxa4 Qxa4 21. b3 Qa2 22. Qc1 Qa5+ 23. b4 Qc7 24. b5 Bxe4
25. b6 (25. bxa6 Be7 {/\ 0-0 -/+}) 25... Qb7 26. Qa3 Be7 27. Qa4+ Qd7 28. Nb5 (
28. b7 Rb8 $19) 28... Bb7 $19 (28... axb5 29. Qxe4 O-O $17) 29. Qd4 (29. Nc7+
Rxc7 30. bxc7 Qxa4 31. Rxb7 O-O $19) 29... axb5 30. Qxg7 Rf8 31. Qxh7 Qc6 32.
g6 Qf3 {Boensch} 0-1

[Event "Brno-B"]
[Site "Brno"]
[Date "1993.??.??"]
[Round "8"]
[White "Sherzer, Alex"]
[Black "Stangl, Markus"]
[Result "0-1"]
[WhiteElo "2500"]
[BlackElo "2525"]
[Annotator "Boensch,U"]
[PlyCount "94"]
[EventDate "1993.08.??"]
[EventType "tourn"]
[EventRounds "9"]
[EventCountry "CZE"]
[EventCategory "9"]
[SourceTitle "CBM 038"]
[Source "ChessBase"]
[SourceDate "1994.02.01"]
[SourceVersion "1"]
[SourceVersionDate "1994.02.01"]
[SourceQuality "1"]

1. e4 c5 2. Nf3 e6 3. d4 cxd4 4. Nxd4 a6 5. Nc3 d6 6. a4 Nf6 7. Be2 Qc7 8. O-O
(8. a5 Nbd7 9. Nb3 b5 10. axb6 Nxb6 11. O-O (11. Be3 $5 Nfd7 12. Qd4 $14 {(Oll)
}) 11... Be7 12. Be3 O-O 13. Qd4 Nfd7 14. Rfd1 Rd8 $146 15. Na5 $14 {(Oll)
Wolff,P-Oll,L Wijk aan Zee 1993 0-1 68 -Inf.56/258}) 8... Be7 9. f4 (9. a5 $5)
9... O-O 10. Kh1 b6 11. Bf3 (11. Qd3 $146 Bb7 12. Qh3 Nc6 (12... Nxe4 $2 13.
Nxe6 $16) 13. Nxc6 Bxc6 14. Bd3 Rfd8 15. f5 e5 16. Bg5 Qb7 17. b4 b5 18. axb5
axb5 19. Qe3 Ng4 20. Qg3 Bxg5 $15 {Polgar,J-Suba,M Budapest zt-A (03) 0-1 45})
11... Bb7 12. e5 Ne8 $1 (12... dxe5 13. fxe5 Nfd7 14. Bxb7 (14. Bf4 Nc6 15.
Nxc6 Bxc6 16. Qe2 Nc5 17. Bg3 Bxf3 18. Rxf3 Qc6 $10 {Yurtaev,L-Lukin,A
URS-ch58 (02) 1991 1-0 41}) 14... Qxb7 15. Bf4 Nc6 16. Qf3 Rac8 17. Rad1 Kh8
18. Rf2 Nc5 19. Nxc6 Qxc6 20. Qxc6 Rxc6 $10 {Lukin,A-Yudasin,L URS-ch58 (03)
1991 0-1 36}) 13. Be3 $6 (13. Qe2 Nc6 14. Be3 Na5 15. Bxb7 Qxb7 16. Rad1 Rc8
17. Bc1 Nc4 18. Nf3 b5 19. axb5 {1/2 Lau,R-Schuh,H FRG-ch (07) 1991}) 13... Nd7
14. Bxb7 (14. exd6 Nxd6 $15) 14... Qxb7 15. Qg4 dxe5 16. Nxe6 Ndf6 (16... fxe6
$2 17. Qxe6+ Rf7 18. fxe5 $18) 17. Qh3 fxe6 18. fxe5 (18. Qxe6+ Kh8 19. fxe5
Qd7 $1 20. Qxb6 Ng4 $17) 18... Qc6 $1 19. exf6 Bxf6 $10 20. Qf3 Qxf3 21. Rxf3
Nd6 $1 (21... Rb8 22. Ne4 $14) 22. Bxb6 Nc4 23. Bc5 Rfc8 24. b4 a5 25. Re1 Ne5
26. Rh3 (26. Rff1 axb4 27. Bxb4 $2 (27. Ne4 Rxa4 28. Nxf6+ gxf6 29. Be7 $15)
27... Nc6 $19) 26... axb4 27. Bxb4 Rc4 28. Re4 Rxa4 $1 29. Nxa4 Rxe4 30. Rb3 $8
Nc6 $19 31. Nc5 Rxb4 32. Rxb4 Nxb4 33. Nxe6 Nxc2 34. g3 Ne3 35. Kg1 Kf7 36. Nf4
Bd4 37. Ne2 Bc5 38. Kf2 Ng4+ 39. Kg2 Kf6 40. h3 Ne3+ 41. Kf3 Nf5 42. Nc3 Bd6
43. Ne4+ Ke5 44. Ng5 h6 45. Ne4 Kd4 46. h4 Be5 47. h5 Bc7 $22 0-1

[Event "World Cup"]
[Site "Skelleftea"]
[Date "1989.08.??"]
[Round "10"]
[White "Huebner, Robert"]
[Black "Ribli, Zoltan"]
[Result "1/2-1/2"]
[WhiteElo "2605"]
[BlackElo "2605"]
[Annotator "Bulletin"]
[PlyCount "39"]
[EventDate "1989.08.??"]
[EventType "tourn"]
[EventRounds "15"]
[EventCountry "SWE"]
[EventCategory "16"]
[SourceTitle "CBM 014"]
[Source "ChessBase"]
[SourceDate "1990.02.01"]
[SourceVersion "1"]
[SourceVersionDate "1990.02.01"]
[SourceQuality "1"]

1. e4 c5 2. Nf3 d6 3. d4 cxd4 4. Nxd4 Nf6 5. Nc3 a6 6. Be2 e6 7. Be3 Qc7 8. f4
b5 {'!?' Bulletin.} 9. Bf3 Bb7 10. e5 {'!?' Bulletin.} dxe5 11. Bxb7 exd4 {
'!?' Bulletin.} (11... Qxb7 12. fxe5 Nfd7 13. O-O Nxe5 14. Qh5 $40) 12. Bxa8
dxe3 13. Qf3 Bb4 {'!' Bulletin. Bulletin: 'N'} 14. Qxe3 {Bulletin: '14.0-0'}
O-O 15. O-O-O Nbd7 16. Bf3 Bc5 17. Qe2 (17. Qd2 {/\ Ne2} Nb6 $1 $13) 17...
Qxf4+ 18. Kb1 Be7 19. Ne4 Qc7 20. h4 1/2-1/2

[Event "Bugojno"]
[Site "Bugojno"]
[Date "1978.03.09"]
[Round "10"]
[White "Karpov, Anatoly"]
[Black "Ljubojevic, Ljubomir"]
[Result "1-0"]
[WhiteElo "2725"]
[BlackElo "2605"]
[Annotator "Bulletin"]
[PlyCount "105"]
[EventDate "1978.02.27"]
[EventType "tourn"]
[EventRounds "15"]
[EventCountry "YUG"]
[EventCategory "14"]
[SourceTitle "MCL"]
[Source "ChessBase"]
[SourceDate "1999.07.01"]
[SourceVersion "1"]
[SourceVersionDate "1999.07.01"]
[SourceQuality "1"]

1. e4 c5 2. Nf3 d6 3. d4 Nf6 4. Nc3 cxd4 5. Nxd4 a6 6. Be2 e6 7. f4 Nbd7 8. Bf3
Qc7 9. g4 (9. O-O Rb8 10. Kh1 b5 11. e5 $1 dxe5 12. Nc6 $1 Rb6 13. fxe5 $16 {
Klovan-Dementiev, USSR-ch sf 1972}) 9... Nb6 (9... Nc5 10. g5 Nfd7 11. b4 Nb3
12. Nxb3 Qxc3+ 13. Bd2 $14) 10. g5 Nfd7 11. a4 $14 g6 12. Qd3 Bg7 13. Nde2 {
/\b3} Nc5 14. Qe3 Nc4 15. Qf2 Qa5 16. O-O O-O 17. Ra2 $1 (17. Qe1 b5 $1) 17...
Qb4 18. Qe1 {/\Kh1,b3,Ba3} Bd7 (18... Qb6 19. Kh1 Qc7 20. b3 Nb6 21. a5 Nbd7
22. b4 $18) 19. Kh1 Qb6 20. b3 Na5 21. Nd1 $1 (21. Ba3 Nc6) 21... Bc6 (21...
Nc6 22. a5 Qc7 (22... Qb4 23. Bd2 Qb5 24. Ndc3 Qb4 25. Nd5 Qb5 26. Nc7) (22...
Qb5 $5 23. Ndc3 Qb4 (23... Bxc3 24. Qxc3 (24. Nxc3 Qb4 25. Bd2 $16) 24... Nxe4
$13) 24. Bd2 Bxc3 25. Bxc3 $16) 23. b4) 22. b4 Nxe4 23. Be3 Nc5 24. bxa5 Qb1
25. Ra3 (25. Nec3 $2 Bxf3+ 26. Rxf3 Bxc3 $19) 25... Qxc2 26. Qd2 Bxf3+ 27. Rxf3
Qe4 28. Kg2 Nxa4 29. Bd4 e5 30. Rxa4 exd4 31. Nxd4 Rac8 32. Nc3 Qe8 33. Rb4 $18
Qd7 34. Kg3 Rc5 35. Nb3 Rf5 36. Nd5 h5 37. h3 Re8 38. Qd3 Qc6 39. Ne3 Rb5 40.
Rxb5 axb5 41. f5 Re5 42. h4 Kh7 43. Nd4 Qc1 44. Ng2 b4 45. Ne2 Qc6 46. fxg6+
fxg6 47. Nef4 Rf5 48. Ne3 Rxf4 49. Rxf4 Be5 50. Qc4 Qd7 51. Nd5 Qf7 52. Nf6+
Kg7 53. Nxh5+ 1-0

[Event "Hoogovens"]
[Site "Wijk aan Zee"]
[Date "1977.01.16"]
[Round "3"]
[White "Geller, Efim P"]
[Black "Barczay, Laszlo"]
[Result "1-0"]
[WhiteElo "2590"]
[BlackElo "2470"]
[Annotator "Bulletin"]
[PlyCount "45"]
[EventDate "1977.01.14"]
[EventType "tourn"]
[EventRounds "11"]
[EventCountry "NED"]
[EventCategory "11"]
[SourceTitle "MCL"]
[Source "ChessBase"]
[SourceDate "1999.07.01"]
[SourceVersion "1"]
[SourceVersionDate "1999.07.01"]
[SourceQuality "1"]

1. e4 c5 2. Nf3 d6 3. d4 cxd4 4. Nxd4 Nf6 5. Nc3 a6 6. Be2 e6 7. O-O Nbd7 8. a4
b6 9. f4 Bb7 10. Bf3 Rc8 11. Qe1 Qc7 12. Kh1 h5 $2 (12... Be7) 13. Be3 Be7 14.
Rd1 Ng4 15. Bg1 g5 $2 (15... Qb8) 16. fxg5 $1 Nde5 17. h4 Ba8 18. Nce2 Ng6 19.
b3 Bf8 20. c4 Bg7 21. g3 Qb7 22. Nf4 N6e5 23. Bg2 1-0

[Event "ROM-chT"]
[Site "Herculane"]
[Date "1996.??.??"]
[Round "?"]
[White "Timoshenko, Georgy"]
[Black "Suba, Mihai"]
[Result "1-0"]
[WhiteElo "2510"]
[BlackElo "2520"]
[Annotator "Bulletin"]
[PlyCount "83"]
[EventDate "1996.??.??"]
[EventType "team"]
[EventRounds "5"]
[EventCountry "ROU"]
[SourceTitle "CBM 056 Extra"]
[Source "ChessBase"]
[SourceDate "1997.03.01"]
[SourceVersion "1"]
[SourceVersionDate "1997.03.01"]
[SourceQuality "1"]

1. e4 c5 2. Nf3 d6 3. d4 Nf6 4. Nc3 cxd4 5. Nxd4 e6 6. f4 a6 7. Be2 Be7 8. O-O
Qc7 9. a4 O-O 10. Kh1 b6 11. Bf3 Bb7 12. e5 dxe5 13. fxe5 Nfd7 14. Bxb7 Qxb7
15. Bf4 Nc6 16. Qf3 Rfc8 17. Rad1 Nc5 $6 (17... Ra7) 18. Nxc6 Qxc6 19. Qxc6
Rxc6 20. b4 Nb7 21. Rd7 Kf8 22. Rxb7 Rxc3 23. Bg5 $3 Bxg5 24. Rfxf7+ Ke8 25.
Rxg7 Bh6 26. Rge7+ Kd8 27. Rxh7 Bf8 28. Rbf7 Ke8 29. Rxf8+ Kxf8 30. Rh8+ Kf7
31. Rxa8 Rxc2 32. g3 Rb2 33. Rxa6 Rxb4 34. Kg2 b5 35. Rb6 Rxa4 36. Rxb5 Ra2+
37. Kh3 Kg6 38. Rb8 Re2 39. Rg8+ Kh7 40. Re8 Rxe5 41. Kg4 Kg6 42. h4 {...62}
1-0

[Event "USA-ch U16"]
[Site "Saint Louis"]
[Date "2015.07.07"]
[Round "1"]
[White "Liou, Yian"]
[Black "Shen, Arthur"]
[Result "1-0"]
[WhiteElo "2417"]
[BlackElo "2339"]
[Annotator "CB"]
[PlyCount "95"]
[EventDate "2015.07.07"]
[EventType "tourn"]
[EventRounds "9"]
[EventCountry "USA"]
[EventCategory "6"]
[SourceTitle "CBM 167 Extra"]
[Source "ChessBase"]
[SourceDate "2015.09.14"]
[SourceVersion "1"]
[SourceVersionDate "2015.09.14"]
[SourceQuality "1"]
[WhiteClock "0:40:22"]
[BlackClock "0:26:49"]

1. e4 c5 2. Nf3 d6 3. d4 cxd4 4. Nxd4 Nf6 5. Nc3 a6 6. Be2 e6 7. Be3 Be7 8. f4
O-O 9. g4 {A youthful move!} d5 {Of course, an attack in the flank is met by a
counter in the center.} 10. e5 Ne4 11. Nxe4 dxe4 12. c3 {GM Nigel Short had
preferred 12.Qd2 while GM Shirov has gone 12.g5 against Gary Kasparov.} b5 13.
O-O Bb7 14. a4 $1 b4 15. cxb4 Bxb4 16. Qb3 Qe7 (16... a5 17. f5 Bd5 18. Bc4
Bxc4 19. Qxc4 Qd5 $14) 17. f5 Nc6 18. fxe6 Nxd4 19. exf7+ Kh8 20. Bxd4 Rad8 21.
Be3 Bc5 22. Rac1 Bxe3+ 23. Qxe3 Qxe5 24. Qb6 Rd7 25. Rf5 Qe7 26. Qc5 Qxc5+ 27.
Rcxc5 Rdxf7 28. Rxf7 Rxf7 29. Re5 g6 30. Re6 Kg7 31. b4 Rf6 32. Re7+ Rf7 33.
Rxf7+ Kxf7 34. Kf2 Ke6 35. Ke3 g5 36. Kd4 Kd6 37. a5 h6 38. b5 axb5 39. Bxb5
Kc7 40. Be8 Bc8 41. Bh5 Kb7 42. Kxe4 Ka6 43. Ke5 Kxa5 44. Kf6 Kb6 45. Kg6 Kc7
46. Kxh6 Kd6 47. Kxg5 Ke7 48. Kh6 1-0

[Event "RUS-ch Higher League 66th"]
[Site "Ekaterinburg"]
[Date "2013.06.27"]
[Round "7"]
[White "Inarkiev, Ernesto"]
[Black "Shomoev, Anton"]
[Result "0-1"]
[WhiteElo "2680"]
[BlackElo "2565"]
[Annotator "CB"]
[PlyCount "106"]
[EventDate "2013.06.20"]
[EventType "swiss"]
[EventRounds "9"]
[EventCountry "RUS"]
[SourceTitle "CBM 155"]
[Source "ChessBase"]
[SourceDate "2013.07.16"]
[SourceVersion "1"]
[SourceVersionDate "2013.07.16"]
[SourceQuality "1"]

1. e4 c5 2. Nf3 d6 3. d4 cxd4 4. Nxd4 Nf6 5. Nc3 a6 6. Be3 e6 7. Be2 Qc7 8. Qd2
b5 9. f3 Nbd7 10. a3 Ne5 11. O-O-O Be7 12. Ndxb5 axb5 13. Nxb5 Qc6 14. Nxd6+
Kf8 15. Qd4 Ned7 16. Qc4 Qxc4 17. Bxc4 Ba6 18. Bxa6 Rxa6 19. Nc4 {Anton
Shomoev: "Dieses Endspiel scheint auf den ersten Blick besser für Weiß zu sein,
aber die Bauern müssen erst einmal nach vorne marschieren. Außerdem hatte ich
mir dieses Endspiel angeschaut und wusste genau, was zu tun ist. Zunächst muss
Schwarz den Läufer auf e3 tauschen, der den Vormarsch der Bauern unterstützt."}
Rc6 20. Na5 Ra6 21. Nc4 Rc6 22. Na5 Ra6 23. Nb3 {Inarkiev weicht der möglichen
Zugwiederholung aus und spielt auf Gewinn.} Bd6 24. Nd4 Ke7 25. Nb5 Bc5 26.
Bxc5+ Nxc5 27. b3 Rb8 28. a4 Nfd7 29. Kd2 Rc8 30. Ra1 Ne5 31. Rhd1 g5 32. h3 h5
33. Ke3 h4 {Anton Shomoev: "Hier atmete ich innerlich auf, denn ich sah, dass
die größte Gefahr für Schwarz vorbei ist - die weißen Bauern sind festgelegt
und die schwarzen Springer stehen gut. Der Computer sieht sogar bereits
Schwarz im Vorteil, aber während der Partie habe ich nicht daran gedacht, hier
auf Gewinn zu spielen - Weiß hat immer noch zahlreiche Drohungen. Eine
Ungenauigkeit von Schwarz und die Bauern laufen durch."} 34. Rd4 Ncd7 35. Ra2
Ng6 36. a5 Nf4 37. c3 Rc5 38. Rb4 Ne5 39. c4 Nfd3 40. Rba4 Rc8 ({Anton Shomoev:
"Hier war ich innerlich eigentlich mit einem Remis zufrieden und mein erster
Impuls war es auch, das Remis mit} 40... Nc1 41. Rb2 Nxb3 42. Rxb3 Rxa5 $1 43.
Rxa5 Nxc4+ 44. Kd4 Nxa5 45. Kxc5 Nxb3+ 46. Kc4 Nd2+ {usw. zu erzwingen. Aber
dann riss ich mich zusammen und sagte mir: "Hallo, du hast eine Figur mehr!"
Nach langem Nachdenken fand ich dann die perfekte Aufstellung für die
schwarzen Figuren - wenn Schwarz dazu kommt, fallen die weißen Bauern."}) 41.
Nd4 Rd8 42. Rc2 Nc5 43. Raa2 ({Anton Shomoev: "Nach} 43. Ra3 {webt Schwarz mit
dem Turmschwenk} Rad6 {ein Mattnetz."}) 43... Nxb3 44. Nxb3 Rd3+ 45. Ke2 Rxb3
46. Ra4 Nc6 47. Rca2 Kd6 48. Rd2+ Kc7 49. Rda2 Rb4 50. Rxb4 Nxb4 51. Rb2 Nc6
52. f4 gxf4 53. Kf3 Ne5+ 0-1

[Event "Politiken Cup 36th"]
[Site "Helsingor"]
[Date "2014.07.23"]
[Round "4"]
[White "Schroeder, Jan Christian"]
[Black "Negi, Parimarjan"]
[Result "0-1"]
[WhiteElo "2370"]
[BlackElo "2645"]
[Annotator "CB"]
[PlyCount "58"]
[EventDate "2014.07.21"]
[EventType "swiss"]
[EventRounds "10"]
[EventCountry "DEN"]
[SourceTitle "CBM 161 Extra"]
[Source "ChessBase"]
[SourceDate "2014.08.29"]
[SourceVersion "1"]
[SourceVersionDate "2014.08.29"]
[SourceQuality "1"]

1. e4 c5 2. Nf3 e6 3. d4 cxd4 4. Nxd4 Nc6 5. Nc3 Qc7 6. Be2 Nf6 7. O-O a6 8.
Be3 Be7 9. f4 d6 10. Qe1 Nxd4 11. Bxd4 b5 12. a3 Bb7 13. Qg3 Nxe4 $5 {ein
interessantes Bauernopfer, in wenigen Zügen werden sämtliche Linien und
Diagonalen gegen den weißen König geöffnet.} ({üblich ist} 13... O-O) 14.
Qxg7 Kd7 15. Rf3 Raf8 16. Rd1 Rhg8 17. Qxh7 Rg6 18. Qh3 Rfg8 19. Bf1 Bf6 20.
Bxf6 Nxf6 21. f5 Qb6+ {die schwarze Aggression wird mit Materialgewinn belohnt}
22. Kh1 Ng4 23. fxg6 Bxf3 24. Rd2 Rh8 25. gxf3 Rxh3 26. Bxh3 Nf2+ 27. Kg2 Nxh3
28. g7 Qg1+ 29. Kxh3 Qxg7 0-1